[Event "Reykjavik Open 2016"]
[Site "Reykjavik ISL"]
[Date "2016.03.10"]
[Round "4.43"]
[White "Valtysson, Thor"]
[Black "Edvardsson, Kristjan"]
[Result "0-1"]
[WhiteElo "1946"]
[BlackElo "2228"]
[WhiteFideId "2301903"]
[BlackFideId "2300893"]
[EventDate "2016.03.08"]

1. d4 Nf6 2. Nf3 g6 3. Bf4 Bg7 4. e3 d6 5. h3 O-O 6. Be2 b6 7. O-O Bb7 8. Nbd2
Nbd7 9. c3 Qe8 10. a4 e5 11. Bh2 a6 12. dxe5 dxe5 13. Qc2 Qe7 14. Rfd1 Kh8 15.
Nf1 Ne4 16. N3d2 Nxd2 17. Rxd2 Nc5 18. f3 e4 19. f4 Qe6 20. Rdd1 a5 21. Rab1 Bd5
22. c4 Bc6 23. b3 Nd3 24. Bg3 Nb4 25. Qd2 Qf6 26. Qe1 Qe7 27. Bh4 Qc5 28. Rbc1
Rae8 29. Kh1 Nd3 30. Bxd3 exd3 31. Rxd3 Qf5 32. Rd2 Qxh3+ 33. Kg1 Qg4 34. Nh2
Qh5 35. Bf2 Re7 36. Qd1 Qf5 37. Rd8 Rfe8 38. Rxe8+ Rxe8 39. Rc2 Bf6 40. Rd2 h5
41. Nf3 Qe4 42. Qc2 Qe7 43. Kf1 Kg7 44. Nd4 Be4 45. Qd1 Bb7 46. Nf3 h4 47. Ne1
h3 48. gxh3 Qe4 49. Qg4 Bc3 50. Rd1 Bxe1 51. Kxe1 Bc8 52. Qg3 Rh8 53. h4 Bf5 54.
Bg1 Qc2 55. e4 Qxe4+ 56. Kf1 Qc2 57. Bd4+ Kh7 58. Qe1 Bh3+ 0-1

[Event "Reykjavik Open 2016"]
[Site "Reykjavik ISL"]
[Date "2016.03.10"]
[Round "4.44"]
[White "Sigurdarson, Alec Elias"]
[Black "Johannsson, Orn Leo"]
[Result "0-1"]
[WhiteElo "1365"]
[BlackElo "2194"]
[WhiteFideId "2311003"]
[BlackFideId "2303051"]
[EventDate "2016.03.08"]

1. e4 e6 2. d4 d5 3. Nc3 dxe4 4. Nxe4 Nd7 5. Nf3 Ngf6 6. Nxf6+ Nxf6 7. Bd3 Be7
8. O-O O-O 9. h3 b6 10. Be3 Bb7 11. c4 Rc8 12. Bc2 c5 13. dxc5 Bxc5 14. Bxc5
Rxc5 15. b3 Qa8 16. Ne1 Rg5 17. f3 Qb8 18. Qd2 Qg3 19. Rd1 e5 20. Kh1 e4 21. Qf2
exf3 22. Nxf3 Bxf3 23. Qxf3 Qc7 24. Qd3 Qc6 25. Qf3 Qxf3 26. Rxf3 Re8 27. Bf5
Kf8 28. g4 Re2 29. h4 Rxg4 30. Bxg4 Nxg4 31. Rd8+ Ke7 32. Rb8 Ne5 33. Rb7+ Ke6
34. Rg3 Rxa2 35. Rxg7 Nf3 0-1

[Event "Reykjavik Open 2016"]
[Site "Reykjavik ISL"]
[Date "2016.03.10"]
[Round "4.45"]
[White "Haynes, Nicolas"]
[Black "Eiriksson, Sigurdur"]
[Result "1-0"]
[WhiteElo "2182"]
[BlackElo "1933"]
[WhiteFideId "2607271"]
[BlackFideId "2302314"]
[EventDate "2016.03.08"]

1. Nf3 Nf6 2. d4 g6 3. c4 Bg7 4. g3 O-O 5. Bg2 d6 6. O-O Bg4 7. Nc3 a6 8. h3 Bd7
9. e4 c5 10. dxc5 dxc5 11. e5 Ne8 12. Be3 Nc6 13. Bxc5 Nc7 14. Bb6 e6 15. Qd6
Ne8 16. Qxf8+ Kxf8 17. Bxd8 Rxd8 18. Rfe1 Rb8 19. Rad1 Bc8 20. Na4 b5 21. cxb5
Rxb5 22. Rc1 Bb7 23. Nc5 Ne7 24. Nd4 1-0

[Event "Reykjavik Open 2016"]
[Site "Reykjavik ISL"]
[Date "2016.03.10"]
[Round "4.46"]
[White "Koop, Thorben"]
[Black "Fischer, Robert"]
[Result "1-0"]
[WhiteTitle "IM"]
[WhiteElo "2416"]
[BlackElo "1993"]
[WhiteFideId "24661619"]
[BlackFideId "2008653"]
[EventDate "2016.03.08"]

1. Nf3 d5 2. g3 g6 3. c4 dxc4 4. Qa4+ Bd7 5. Qxc4 Bc6 6. Bg2 e6 7. Nc3 Bg7 8.
O-O Nd7 9. e4 Ne5 10. Nxe5 Bxe5 11. Ne2 Qd7 12. a4 Rd8 13. d4 Bxd4 14. Nxd4 Qxd4
15. Qxd4 Rxd4 16. Be3 Rd3 17. b4 Nf6 18. Rfc1 Kd7 19. b5 Bxe4 20. Bg5 Re8 21.
Bxf6 Bd5 22. Rc5 h5 23. Rac1 Rc8 24. Be5 c6 25. bxc6+ Rxc6 26. Rxc6 bxc6 27. Rb1
c5 28. Bf1 Rd2 29. Rc1 Kc6 30. Bb5+ Kb6 31. Bf4 1-0

[Event "Reykjavik Open 2016"]
[Site "Reykjavik ISL"]
[Date "2016.03.10"]
[Round "4.47"]
[White "Birkisson, Bardur Orn"]
[Black "Jackson, James P"]
[Result "0-1"]
[BlackTitle "FM"]
[WhiteElo "2017"]
[BlackElo "2347"]
[WhiteFideId "2310597"]
[BlackFideId "416860"]
[EventDate "2016.03.08"]

1. c4 Nf6 2. g3 g6 3. Bg2 Bg7 4. Nc3 O-O 5. e4 d6 6. Nge2 e5 7. O-O c6 8. d3 a6
9. h3 b5 10. cxb5 axb5 11. Be3 b4 12. Nb1 c5 13. a3 Nc6 14. Nd2 Ba6 15. Nc4 Bxc4
16. dxc4 bxa3 17. bxa3 Nd4 18. Nc3 Nd7 19. Qd3 Qa5 20. Nd5 Nf6 21. Rfb1 Nxd5 22.
cxd5 Rfb8 23. h4 h5 24. Bf1 Qa4 25. Ra2 Kh7 26. Rab2 Rxb2 27. Rxb2 Qxa3 28. Qxa3
Rxa3 29. Rb6 Bf8 30. Rb8 Kg7 31. Bh6+ Kxh6 32. Rxf8 Nf3+ 33. Kg2 Nd2 34. Rxf7
Nxe4 35. Bb5 Rb3 36. Bc6 c4 37. Ra7 Rb2 38. Ra4 Rxf2+ 39. Kg1 Rc2 40. Bb5 Nxg3
41. Bxc4 Nf5 42. Bd3 Rd2 43. Be4 Rd4 44. Rxd4 Nxd4 45. Kg2 Nf5 46. Kh3 Kg7 0-1

[Event "Reykjavik Open 2016"]
[Site "Reykjavik ISL"]
[Date "2016.03.10"]
[Round "4.48"]
[White "Kempen, Leon"]
[Black "Skousen, Nikolai"]
[Result "1/2-1/2"]
[WhiteTitle "CM"]
[BlackTitle "FM"]
[WhiteElo "1977"]
[BlackElo "2294"]
[WhiteFideId "3203786"]
[BlackFideId "1401432"]
[EventDate "2016.03.08"]

1. d4 g6 2. c4 Bg7 3. e4 d6 4. Nc3 Nf6 5. h3 O-O 6. Be3 Nbd7 7. Nf3 e5 8. d5 Nc5
9. Qc2 a5 10. Be2 Nh5 11. g3 f5 12. Bxc5 dxc5 13. Nd2 Nf6 14. h4 f4 15. O-O-O
fxg3 16. fxg3 Ng4 17. Bxg4 Bxg4 18. Rdf1 Qe7 19. Qd3 Bh6 20. Kc2 Rxf1 21. Rxf1
Rf8 22. Rxf8+ Qxf8 23. Qf1 Qe7 24. Qf2 Bd7 25. Nb3 b6 26. Nc1 Bg7 27. Nd3 Bf6
28. Qf3 Kg7 29. Nd1 h5 30. Ne3 Kg8 31. g4 1/2-1/2

[Event "Reykjavik Open 2016"]
[Site "Reykjavik ISL"]
[Date "2016.03.10"]
[Round "4.49"]
[White "Wahlbom, Magnus"]
[Black "Probst, Alexander"]
[Result "1-0"]
[WhiteElo "2229"]
[BlackElo "2006"]
[WhiteFideId "1700685"]
[BlackFideId "4657535"]
[EventDate "2016.03.08"]

1. e4 e5 2. Nf3 Nf6 3. d4 Nxe4 4. Bd3 d5 5. dxe5 Nc5 6. O-O Be7 7. Nc3 c6 8. h3
O-O 9. Ne2 b6 10. Re1 Nbd7 11. Ned4 Bb7 12. Bf1 Ne6 13. c4 c5 14. Nf5 d4 15. Bd3
Nb8 16. Nh2 Bg5 17. Nd6 Bc6 18. Qg4 Bxc1 19. Raxc1 Qg5 20. Qxg5 Nxg5 21. f4 Ne6
22. Rf1 Na6 23. f5 Nd8 24. f6 g6 25. Ng4 h5 26. Nh6+ Kh7 27. Nhf5 Nb4 28. Bb1
gxf5 29. a3 Rg8 30. Rxf5 Rxg2+ 31. Kf1 Rxb2 32. Rxh5+ Kg8 33. axb4 Bg2+ 34. Kg1
Bf3 35. Rg5+ Kf8 36. Rg7 Rxb1 37. Rxb1 cxb4 38. Kf2 Bc6 39. Rbg1 1-0

[Event "Reykjavik Open 2016"]
[Site "Reykjavik ISL"]
[Date "2016.03.10"]
[Round "4.50"]
[White "Bergsson, Stefan"]
[Black "Haessel, Dale R."]
[Result "0-1"]
[BlackTitle "FM"]
[WhiteElo "1974"]
[BlackElo "2212"]
[WhiteFideId "2301393"]
[BlackFideId "2012618"]
[EventDate "2016.03.08"]

1. e4 e5 2. Nf3 Nc6 3. Bb5 Nf6 4. d3 Bc5 5. Bxc6 dxc6 6. Nbd2 Be6 7. O-O Nd7 8.
Nb3 f6 9. Nxc5 Nxc5 10. Be3 Qd6 11. d4 Nxe4 12. dxe5 fxe5 13. Qe2 Bg4 14. Rad1
Qg6 15. Kh1 Rf8 16. Rd3 Nd6 17. Bd4 e4 18. Qe1 Bxf3 19. gxf3 O-O-O 20. fxe4 Nxe4
21. Rg1 Qf5 22. Rxg7 Rxd4 23. Rxd4 Nxf2+ 24. Kg1 Nh3+ 25. Kh1 Qf3+ 26. Rg2 Qf1+
27. Rg1 Nf2+ 28. Qxf2 Qxf2 29. Rgd1 Qf3+ 0-1

[Event "Reykjavik Open 2016"]
[Site "Reykjavik ISL"]
[Date "2016.03.10"]
[Round "4.51"]
[White "Ptacnikova, Lenka"]
[Black "Bak, Christopher"]
[Result "1-0"]
[WhiteTitle "WGM"]
[WhiteElo "2192"]
[BlackElo "1969"]
[WhiteFideId "305650"]
[BlackFideId "439517"]
[EventDate "2016.03.08"]

1. d4 d5 2. Nf3 Nc6 3. e3 Bg4 4. Bb5 e6 5. h3 Bh5 6. g4 Bg6 7. Ne5 Ne7 8. Nd2 f6
9. Nxg6 hxg6 10. b3 Qd6 11. Bb2 g5 12. a3 a6 13. Bd3 e5 14. c3 O-O-O 15. b4 Nb8
16. Qc2 Nd7 17. c4 exd4 18. c5 Qe6 19. Bxd4 Ne5 20. Be2 f5 21. gxf5 Nxf5 22.
O-O-O Kb8 23. Qc3 Nxd4 24. exd4 Ng6 25. Bg4 Qf6 26. Nf3 Be7 27. Rhe1 Qf4+ 28.
Kb1 Bf6 29. c6 Rd6 30. cxb7 Kxb7 31. Rc1 Bd8 32. Nd2 Qf7 33. Nb3 Re8 34. Na5+
Ka8 35. Nc6 Ne7 36. Nxd8 Rexd8 37. Qxc7 Qg6+ 38. Kb2 Nf5 39. Re5 Nxd4 40. Re7
Nb5 41. Qb7# 1-0

[Event "Reykjavik Open 2016"]
[Site "Reykjavik ISL"]
[Date "2016.03.10"]
[Round "4.52"]
[White "Bjornsson, Tomas"]
[Black "Baldursson, Haraldur"]
[Result "1-0"]
[WhiteTitle "FM"]
[WhiteElo "2175"]
[BlackElo "1947"]
[WhiteFideId "2300303"]
[BlackFideId "2301423"]
[EventDate "2016.03.08"]

1. e4 c5 2. Nf3 d6 3. d4 cxd4 4. Nxd4 Nf6 5. Nc3 a6 6. Bg5 e6 7. f4 Be7 8. Qf3
Nbd7 9. O-O-O Qc7 10. Bd3 O-O 11. Qg3 Re8 12. Rhe1 Nc5 13. e5 Nxd3+ 14. Rxd3
dxe5 15. fxe5 Nd5 16. Nf5 Bxg5+ 17. Qxg5 f6 18. exf6 Nxf6 19. Ne4 Nxe4 20. Rxe4
b5 21. Rg4 Bb7 22. Nxg7 1-0

[Event "Reykjavik Open 2016"]
[Site "Reykjavik ISL"]
[Date "2016.03.10"]
[Round "4.53"]
[White "Murray, Michael A."]
[Black "Dougherty, Michael"]
[Result "0-1"]
[BlackTitle "FM"]
[WhiteElo "1938"]
[BlackElo "2169"]
[WhiteFideId "2609126"]
[BlackFideId "2601559"]
[EventDate "2016.03.08"]

1. e4 e6 2. b3 d5 3. Bb2 Nf6 4. e5 Nfd7 5. f4 c5 6. Qg4 Nc6 7. Nf3 Ne7 8. Na3
Nf5 9. c3 a6 10. Nc2 Be7 11. Bd3 h5 12. Qh3 g6 13. O-O-O Rh6 14. Ne3 b5 15. g4
hxg4 16. Qxg4 c4 17. Bc2 Nc5 18. Nd4 Nxd4 19. cxd4 cxb3 20. dxc5 bxc2 21. Nxc2
Bxc5 22. d4 Be7 23. Rd3 Rh4 24. Qg3 b4 25. Kb1 a5 26. Ne3 Ba6 27. Rd2 Rc8 28.
Rc1 Rxc1+ 29. Kxc1 a4 30. Ng2 Rh5 31. Rc2 Bc4 32. Ba1 b3 33. axb3 axb3 34. Rf2
Qa5 35. Bb2 Qa7 36. h4 Kd7 37. Ne3 Bxh4 38. Qf3 Bxf2 39. Nxc4 Bxd4 0-1

[Event "Reykjavik Open 2016"]
[Site "Reykjavik ISL"]
[Date "2016.03.10"]
[Round "4.54"]
[White "Barthel, Ansgar"]
[Black "Cohen, Lawrence S"]
[Result "1-0"]
[WhiteElo "2166"]
[BlackElo "1930"]
[WhiteFideId "4643461"]
[BlackFideId "2026228"]
[EventDate "2016.03.08"]

1. e4 c5 2. Nf3 e6 3. d4 cxd4 4. Nxd4 Nc6 5. Nc3 a6 6. Nxc6 bxc6 7. Bd3 d5 8.
O-O Nf6 9. Qe2 Be7 10. b3 O-O 11. Na4 c5 12. c4 Bb7 13. e5 Nd7 14. f4 Qc7 15.
Bd2 d4 16. Rae1 Rae8 17. Nb2 f5 18. exf6 Bxf6 19. Be4 e5 20. Nd3 exf4 21. Bxh7+
Kxh7 22. Qh5+ Kg8 23. Rxe8 Rxe8 24. Qxe8+ Nf8 25. Bxf4 Qc6 26. Qxc6 Bxc6 27.
Nxc5 a5 28. Bc7 Be7 29. Nd3 a4 30. Re1 axb3 31. axb3 Bf6 32. b4 Bd7 33. Be5 Bf5
34. Nc5 1-0

[Event "Reykjavik Open 2016"]
[Site "Reykjavik ISL"]
[Date "2016.03.10"]
[Round "4.55"]
[White "Bopp, Thomas"]
[Black "Moller, Agnar T"]
[Result "1/2-1/2"]
[WhiteElo "2166"]
[BlackElo "1882"]
[WhiteFideId "4656113"]
[BlackFideId "2303469"]
[EventDate "2016.03.08"]

1. Nf3 d5 2. d4 c6 3. c4 e6 4. g3 dxc4 5. Bg2 Nf6 6. O-O b5 7. Ne5 Bb7 8. a4 a6
9. Nc3 Nd5 10. e4 Nxc3 11. bxc3 Nd7 12. f4 Be7 13. Be3 O-O 14. Qf3 Nf6 15. Ng4
c5 16. Nxf6+ Bxf6 17. Rad1 cxd4 18. Bxd4 Bxd4+ 19. Rxd4 Qb6 20. Qf2 Qa5 21. Rd7
Bc6 22. Rd6 Rac8 23. axb5 Bxb5 24. Qd4 Qc7 25. Rd1 Qc5 26. e5 Qxd4+ 27. R1xd4 g6
28. Bb7 Rb8 29. Bxa6 Bxa6 30. Rxa6 Rb2 31. Rad6 Rc2 32. Rxc4 Ra8 33. Rd1 Raa2
34. Rc8+ Kg7 35. c4 Rxh2 36. c5 Rhg2+ 37. Kh1 Rxg3 38. Rc1 Rgg2 39. c6 Rgc2 40.
Rxc2 Rxc2 41. Kg1 Rc4 42. c7 Rc2 43. Kf1 Kh6 44. Ke1 Kh5 45. Kd1 Rc6 46. Ke2 Kg4
47. Ke3 h5 48. Ke4 h4 49. f5 gxf5+ 50. Ke3 Kh3 51. Kf3 Rc4 52. Kf2 Rc3 53. Ke2
Kh2 54. Kf2 h3 55. Ke2 f4 56. Kf2 Rc2+ 57. Kf3 Rc4 58. Kf2 1/2-1/2

[Event "Reykjavik Open 2016"]
[Site "Reykjavik ISL"]
[Date "2016.03.10"]
[Round "4.56"]
[White "Kleinert, Juergen"]
[Black "Karlsson, Mikael Johann"]
[Result "1-0"]
[WhiteElo "1906"]
[BlackElo "2164"]
[WhiteFideId "4659180"]
[BlackFideId "2305194"]
[EventDate "2016.03.08"]

1. e4 c5 2. c3 Nf6 3. e5 Nd5 4. d4 cxd4 5. Nf3 Nc6 6. cxd4 e6 7. Bc4 Nb6 8. Bd3
Nb4 9. Nc3 d6 10. Bg5 Nxd3+ 11. Qxd3 Be7 12. Bxe7 Qxe7 13. O-O O-O 14. Ne4 dxe5
15. Neg5 e4 16. Qxe4 f5 17. Qe2 h6 18. Nh3 g5 19. Ne5 Rd8 20. Rad1 Nd5 21. Qh5
Qf6 22. g3 Bd7 23. Rfe1 g4 24. Nxd7 Rxd7 25. Nf4 Nxf4 26. gxf4 Rad8 27. Re5 Rxd4
28. Rxd4 Rxd4 29. Qe8+ Kg7 30. Rxe6 Re4 31. Rxe4 fxe4 32. Qd7+ Qf7 33. Qxg4+ Qg6
34. f3 exf3 35. Qxg6+ Kxg6 36. Kf2 Kf5 37. Kxf3 a5 38. a4 h5 39. h4 Kf6 40. Ke4
Ke6 41. f5+ Kf6 42. Kf4 1-0

[Event "Reykjavik Open 2016"]
[Site "Reykjavik ISL"]
[Date "2016.03.10"]
[Round "4.57"]
[White "Modder, Frank"]
[Black "Viglundsson, Bjorgvin"]
[Result "1-0"]
[WhiteElo "1904"]
[BlackElo "2164"]
[WhiteFideId "24631612"]
[BlackFideId "2300400"]
[EventDate "2016.03.08"]

1. e4 c5 2. c3 Nf6 3. e5 Nd5 4. d4 cxd4 5. Nf3 e6 6. cxd4 d6 7. Bc4 Nb6 8. Bb5+
Bd7 9. Bd3 Nc6 10. Nc3 dxe5 11. dxe5 Nb4 12. Be4 Bc6 13. Bxc6+ Nxc6 14. O-O Qxd1
15. Rxd1 a6 16. b3 Bb4 17. Bb2 O-O 18. Ne4 Rfd8 19. Rac1 Rxd1+ 20. Rxd1 Rd8 21.
Rxd8+ Nxd8 22. Kf1 Nc6 23. Ne1 Bxe1 24. Kxe1 Nd7 25. f4 Nb4 26. Kd2 Nd5 27. g3
b5 28. Bd4 f6 29. exf6 gxf6 30. Nc5 Nxc5 31. Bxc5 Kf7 32. Kd3 Kg6 33. Kd4 Kf5
34. h3 h5 35. Bd6 b4 36. Kc4 Ke4 37. Bxb4 Nxb4 38. Kxb4 Kd3 39. g4 hxg4 40. hxg4
e5 41. g5 e4 42. gxf6 e3 43. f7 e2 44. f8=Q e1=Q+ 45. Ka4 Qe4+ 46. Qb4 Qc6+ 47.
Ka5 1-0

[Event "Reykjavik Open 2016"]
[Site "Reykjavik ISL"]
[Date "2016.03.10"]
[Round "4.58"]
[White "Thorgeirsson, Jon Kristinn"]
[Black "Schadd, Jan"]
[Result "1-0"]
[WhiteElo "2157"]
[BlackElo "1864"]
[WhiteFideId "2307731"]
[BlackFideId "1047230"]
[EventDate "2016.03.08"]

1. e4 e6 2. d4 d5 3. Nc3 Bb4 4. e5 c5 5. a3 Bxc3+ 6. bxc3 Qa5 7. Bd2 Qa4 8. Qb1
c4 9. h4 Nc6 10. h5 h6 11. g3 Nge7 12. Bh3 Bd7 13. Ne2 O-O-O 14. Nf4 Rdf8 15.
O-O Nd8 16. Qb4 Qxb4 17. axb4 a6 18. b5 Bxb5 19. Rfb1 Kd7 20. Bc1 Ndc6 21. Ba3
Ra8 22. Bd6 Rhd8 23. Kh2 Ke8 24. Bxe6 fxe6 25. Nxe6 Nf5 26. Nc7+ Kd7 27. Nxa8
Nxd6 28. Nb6+ Ke6 29. exd6 Rxd6 30. Re1+ Kf7 31. Na8 Ne7 32. Re5 Bd7 33. Nc7 Bf5
34. Rae1 Rd7 35. Nxd5 1-0

[Event "Reykjavik Open 2016"]
[Site "Reykjavik ISL"]
[Date "2016.03.10"]
[Round "4.59"]
[White "Christensen, Janus"]
[Black "Hauksson, Hordur Aron"]
[Result "1-0"]
[WhiteElo "2136"]
[BlackElo "1873"]
[WhiteFideId "1408402"]
[BlackFideId "2303680"]
[EventDate "2016.03.08"]

1. e4 c5 2. Nf3 Nc6 3. d4 cxd4 4. Nxd4 Qc7 5. Nc3 e6 6. Ncb5 Qb8 7. c4 a6 8. Nc3
Nf6 9. h3 Be7 10. Be2 O-O 11. Be3 Qc7 12. O-O d6 13. Rc1 Nxd4 14. Bxd4 b6 15. f4
Bb7 16. Qd3 Nd7 17. b4 e5 18. Nd5 Bxd5 19. cxd5 Qb7 20. fxe5 Nxe5 21. Qg3 Rfe8
22. Rc6 b5 23. Rfc1 Rac8 24. Bxe5 dxe5 25. Qxe5 Bf6 26. Qd6 Rxc6 27. Qxc6 Qa7+
28. Kf1 Rd8 29. Rc5 Bd4 30. Qc7 Qa8 31. Rc6 h6 32. Bh5 f5 33. Bf7+ Kh8 34. Rxa6 1-0

[Event "Reykjavik Open 2016"]
[Site "Reykjavik ISL"]
[Date "2016.03.10"]
[Round "4.60"]
[White "Koes, Richard"]
[Black "Lobersli, Henrik Oie"]
[Result "0-1"]
[WhiteElo "1840"]
[BlackElo "2134"]
[WhiteFideId "1020528"]
[BlackFideId "1511947"]
[EventDate "2016.03.08"]

1. e4 e5 2. Nf3 Nc6 3. Bc4 Nf6 4. Nc3 Nxe4 5. O-O Nxc3 6. dxc3 h6 7. Qd5 Qf6 8.
Re1 d6 9. Bb5 Bd7 10. Nd4 Nd8 11. Bxd7+ Kxd7 12. Nf3 c6 13. Qb3 Kc7 14. c4 Ne6
15. Be3 g5 16. a4 g4 17. Nd2 h5 18. a5 Bh6 19. Ne4 Qe7 20. Red1 Bxe3 21. Nxd6
Bd4 22. Nxb7 Nc5 23. Qa3 Kxb7 24. c3 Bxf2+ 25. Kxf2 Ne4+ 26. Ke3 Qxa3 27. Rxa3
f5 28. a6+ Kc7 29. b4 Rad8 30. Rxd8 Rxd8 31. Ra5 Nd6 32. Rc5 Kb6 33. Ke2 Re8 0-1

[Event "Reykjavik Open 2016"]
[Site "Reykjavik ISL"]
[Date "2016.03.10"]
[Round "4.61"]
[White "Baumgartner, Christopher"]
[Black "Darnell, Anton"]
[Result "1-0"]
[WhiteElo "1821"]
[BlackElo "2110"]
[WhiteFideId "2022087"]
[BlackFideId "1720244"]
[EventDate "2016.03.08"]

1. e4 e5 2. c3 d5 3. Nf3 Nc6 4. Bb5 f6 5. Qa4 Ne7 6. exd5 Qxd5 7. O-O a6 8. Bc4
Qd6 9. Qb3 Nd8 10. d4 e4 11. Nfd2 f5 12. Re1 b5 13. Bf1 Be6 14. Qc2 Nd5 15. f3
e3 16. Nb3 f4 17. a4 Rb8 18. Nc5 Qc6 19. axb5 axb5 20. Ra6 Rb6 21. Rxb6 Qxb6 22.
Nxe6 Nxe6 23. Qe4 Nf6 24. Bxb5+ Kf7 25. Qf5 g6 26. Be8+ Kg7 27. Qe5 Bd6 28. Qxe6
Rxe8 29. Qc4 c5 30. dxc5 Bxc5 31. b4 Bd6 32. Na3 e2+ 33. Kh1 Qf2 34. Bd2 Ra8 35.
Nb5 Be5 36. Qxe2 Qxe2 37. Rxe2 Ra1+ 38. Re1 Rxe1+ 39. Bxe1 Nd5 40. c4 Nb6 41. c5
Nc8 42. Bc3 Kf6 43. Kg1 Bxc3 44. Nxc3 Ke5 45. b5 Kd4 46. Ne4 Kc4 47. b6 Ne7 48.
Kf2 Nc6 49. g3 fxg3+ 50. Kxg3 1-0

[Event "Reykjavik Open 2016"]
[Site "Reykjavik ISL"]
[Date "2016.03.10"]
[Round "4.62"]
[White "Amos, Frank"]
[Black "Andersen, Dag"]
[Result "1-0"]
[WhiteElo "2101"]
[BlackElo "1811"]
[WhiteFideId "4635442"]
[BlackFideId "1504568"]
[EventDate "2016.03.08"]

1. e4 c5 2. Nf3 e6 3. d4 cxd4 4. Nxd4 Nf6 5. Nc3 d6 6. f4 a6 7. a4 b6 8. Bd3 Bb7
9. O-O Be7 10. Be3 Qc7 11. Qf3 Nbd7 12. Qg3 O-O 13. Rae1 Kh8 14. Nf3 g6 15. Qh3
d5 16. exd5 Nxd5 17. Nxd5 Bxd5 18. Ng5 Bxg5 19. fxg5 e5 20. Bd2 Kg8 21. Bc3 Rfe8
22. Be4 Be6 23. Qh6 Qc5+ 24. Kh1 Rad8 25. Bd3 b5 26. axb5 axb5 27. Re4 Bc4 28.
Bxc4 bxc4 29. Rfe1 Nf8 30. Qh4 Rc8 31. Rxe5 Rxe5 32. Rxe5 Ne6 1-0

[Event "Reykjavik Open 2016"]
[Site "Reykjavik ISL"]
[Date "2016.03.10"]
[Round "4.63"]
[White "Mai, Aron Thor"]
[Black "Dietzsch, Herbert"]
[Result "1/2-1/2"]
[WhiteElo "1784"]
[BlackElo "2090"]
[WhiteFideId "2313383"]
[BlackFideId "4608364"]
[EventDate "2016.03.08"]

1. e4 c5 2. Nf3 e6 3. d3 Nc6 4. g3 d6 5. Bg2 Be7 6. O-O Nf6 7. c3 O-O 8. Re1 Qc7
9. Nbd2 b6 10. Nf1 Bb7 11. h4 Na5 12. N3h2 Rfd8 13. Ng4 Nc6 14. Bf4 Ne5 15. Nfh2
c4 16. dxc4 Nxc4 17. Nxf6+ Bxf6 18. Qe2 Ne5 19. Ng4 Nxg4 20. Qxg4 e5 21. Be3 Bc8
22. Qe2 Be6 23. a4 Qc6 24. Qc2 Rac8 25. a5 Qb7 26. Bf1 b5 27. a6 Qb8 28. Ra5 Bc4
29. Bh3 Rc6 30. b3 Qc7 31. b4 Rb8 1/2-1/2

[Event "Reykjavik Open 2016"]
[Site "Reykjavik ISL"]
[Date "2016.03.10"]
[Round "4.64"]
[White "Ingebretsen, Jens E"]
[Black "Segerberg, Tomas"]
[Result "0-1"]
[WhiteElo "1755"]
[BlackElo "2070"]
[WhiteFideId "1522965"]
[BlackFideId "1712969"]
[EventDate "2016.03.08"]

1. e4 e6 2. d4 d5 3. Nd2 Nf6 4. e5 Nfd7 5. Bd3 c5 6. c3 Nc6 7. Ne2 cxd4 8. cxd4
f6 9. exf6 Nxf6 10. O-O Bd6 11. Nf3 O-O 12. Bf4 Bxf4 13. Nxf4 Qd6 14. Ne2 Bd7
15. Nc3 a6 16. a3 Kh8 17. Qe2 Rae8 18. Rfe1 Ng4 19. g3 e5 20. dxe5 Ncxe5 21.
Nxe5 Nxe5 22. f4 Ng4 23. Qd2 Qc5+ 24. Kh1 Qf2 25. Re2 Rxe2 26. Qxe2 Re8 27. Qxf2
Nxf2+ 28. Kg1 Nxd3 29. Nxd5 Bc6 30. Nb4 Nxb4 31. axb4 h6 32. Kf2 Re4 33. Rd1
Rxb4 34. Rd8+ Kh7 35. Rd2 Rc4 36. Ke3 Re4+ 37. Kf2 a5 38. Rc2 a4 39. Rd2 Kg6 40.
Kf1 Kf5 41. Kf2 Rc4 42. Re2 Rc1 43. Ke3 Rg1 44. Kd4 Rg2 45. Re5+ Kf6 46. Kc3
Rxh2 47. Re3 Rf2 48. Kb4 Rxb2+ 49. Ka3 Rb3+ 50. Rxb3 axb3 51. Kxb3 Kf5 0-1

[Event "Reykjavik Open 2016"]
[Site "Reykjavik ISL"]
[Date "2016.03.10"]
[Round "4.65"]
[White "O'Gorman, Tom"]
[Black "Bernhard, Julia"]
[Result "1-0"]
[WhiteElo "2067"]
[BlackElo "1769"]
[WhiteFideId "2508249"]
[BlackFideId "1620860"]
[EventDate "2016.03.08"]

1. e4 e5 2. Nf3 Nc6 3. Bb5 a6 4. Ba4 Be7 5. O-O b5 6. Bb3 Nf6 7. Re1 d6 8. c3
O-O 9. h3 Na5 10. Bc2 c5 11. d4 Nd7 12. Nbd2 exd4 13. cxd4 Nc6 14. d5 Nce5 15.
Nxe5 Nxe5 16. f4 Ng6 17. Nf3 Nh4 18. a4 Qa5 19. Be3 Nxf3+ 20. Qxf3 b4 21. e5 Qc7
22. f5 dxe5 23. f6 Bxf6 24. d6 Qa7 25. Be4 Rb8 26. Rac1 Be6 27. Bxc5 Qd7 28. Bc6
Qd8 29. d7 Be7 30. Ba7 Bxd7 31. Bxb8 Qxb8 32. Bxd7 Qa7+ 33. Kh1 Qxd7 34. Rxe5
Bf6 35. Re2 Qxa4 36. Qc6 Qa5 37. Re8 h6 38. Rxf8+ Kxf8 39. Qc8+ Ke7 40. Rc7+ Kd6
41. Rc6+ Kd5 42. Qf5+ Be5 43. Qd7+ Ke4 44. Rc4+ Ke3 45. Qd1 Bxb2 46. Qe1+ Kd3
47. Qe4+ Kd2 48. Rc2+ Kd1 49. Qe2# 1-0

[Event "Reykjavik Open 2016"]
[Site "Reykjavik ISL"]
[Date "2016.03.10"]
[Round "4.66"]
[White "Valdimarsson, Einar"]
[Black "Sigurvaldason, Hjalmar"]
[Result "1-0"]
[WhiteElo "2029"]
[BlackElo "1426"]
[WhiteFideId "2304813"]
[BlackFideId "2306018"]
[EventDate "2016.03.08"]

1. g4 d5 2. Bg2 Bxg4 3. c4 c6 4. cxd5 cxd5 5. Qb3 Qb6 6. Qxb6 axb6 7. Bxd5 Nc6
8. f3 Bd7 9. Bb3 Nd4 10. Bd1 e5 11. Nc3 Bc6 12. Kf2 Bc5 13. e3 Ne6 14. Ne4 Ne7
15. Ne2 f5 16. Nxc5 bxc5 17. a3 b5 18. Rg1 O-O 19. b3 Nd5 20. Bb2 e4 21. f4 Ra7
22. Nc3 c4 23. bxc4 bxc4 24. Be2 Nxc3 25. Bxc3 Bd5 26. Rab1 Rd7 27. Rb5 Nc7 28.
Rc5 g6 29. Rb1 Na6 30. Rxd5 Rxd5 31. Bxc4 Nc7 32. Be5 1-0